Statistics for Sydney by Picture

Click here to take the quiz!

General Stats

  • This quiz has been taken 113 times
  • The average score is 8 of 10

Answer Stats

Answer% Correct
{Harbour} Bridge
98%
{Bondi} Beach
96%
{Darling} Harbour
92%
{Blue} Mountains
92%
{Taronga} Zoo
87%
{Luna} Park
77%
{George} Street
72%
{Cockatoo} Island
61%
{Centennial} Park
51%
The Rocks
48%

Score Distribution

Percentile by Number Answered

Percent of People with Each Score

Your Score History

You have not taken this quiz